000 00561nam a22001457a 4500
005 20241221111200.0
008 241004b |||||||| |||| 00| 0 eng d
050 _aDPer050 M72 January-March 2018 v. 66 no. 8-10
100 _aTorres, Analyn D.
_eauthor.
_962220
245 _aDaily lesson plan in physical education 10 /
_cAnalyn D. Torres.
260 _aPhilippines;
_bPublishers Association of the Philippines, Inc.,
_cJanuary 2019.
300 _aVolume 66, pages 299-300,
_billustration.
700 _aTorres, Analyn D.
_eauthor.
_962222
942 _2ddc
_cPER
999 _c22197
_d22197